Fleuves ou rivières françaises selon la description Wikipédia - Statistiques

Statistiques générales
  • Ce quiz a été pris 86 fois
  • Le résultat moyen est 8 sur 10
Statistiques - réponses
Description Wikipédia Fleuve ou Rivière % Correct
Elle a ainsi permis à Bordeaux de devenir, au xviiie siècle, le premier port français, et le deuxième port mondial après Londres.
En 1822, la construction du pont de pierre a mis un terme au transport maritime en amont de Bordeaux.
Garonne
97%
Son bassin versant, de 198 000 km2, comprend le Liechtenstein, la majeure partie de la Suisse et du grand-duché de Luxembourg, une partie de l'Autriche, et de la Belgique, de grandes parties de l'Allemagne et des Pays-Bas et une partie de la France. Il s'agit du plus long fleuve se déversant dans la mer du Nord et de l'une des voies navigables les plus fréquentées du monde. Rhin
95%
Elle prend sa source sur le versant sud du mont Gerbier-de-Jonc au sud-est du Massif central dans le département de l’Ardèche, et se jette dans l’océan Atlantique par un estuaire situé en [...], dans la région des [...]. Son cours est orienté d’abord du sud vers le nord jusqu’aux environs de Briare dans le Loiret, puis vers l’ouest.Le nom de la [...] figure dans les textes anciens communément sous la forme latine Liger ou Ligeris Loire
92%
La [...] est une rivière française située à l'est du Bassin parisien et longue de 514,26 km. Elle représente à ce titre la plus grande rivière de France. C'est le principal affluent de la Seine : elle prend sa source sur le plateau de Langres, à [...], sur la commune de Saints-Geosmes et se jette dans la Seine entre Charenton-le-Pont et Alfortville dans le quartier de Conflans-l'Archevêque. Son nom est intégré à celui de quatre départements français. Marne
87%
La [...] est un fleuve français du Bassin aquitain. Prenant sa source à Chéronnac dans la Haute-Vienne à 295 mètres d'altitude, elle traverse ensuite les départements de la [...], une petite partie de la Vienne, la [...] à nouveau, la [...] avant de se jeter dans l'océan Atlantique entre Port-des-Barques et Fouras par un large estuaire. Charente
81%
Le [...] est un fleuve côtier du Sud-Est de la France se jetant dans la mer Méditerranée après avoir coulé dans les deux départements des Alpes-de-Haute-Provence et Alpes-Maritimes, dans la région Provence-Alpes-Côte d'Azur. Ce fleuve ne coule pas sur le territoire du département voisin auquel il a donné son nom. Var
81%
[...] est une rivière du sud-est de la France se jetant dans le Rhône, dont elle est le deuxième affluent après la Saône pour la longueur et le troisième après la Saône et l’Isère pour le débit. Longue de 323,2 km, la [... est la plus importante rivière de Provence.La [...] prend ses sources vers 2 390 mètres d'altitude, au pré de Gondran, sur les pentes du sommet des Anges Durance
77%
Le cours d'eau a une longueur de 365,14 km.
Il prend sa source dans le département de la Creuse, à 714 m d'altitude, sur le territoire de la commune de Mérinchal, puis s'écoule vers le nord puis l'ouest.
Le [...] est un cours d'eau français, qui coule dans les départements de l'Allier, du [...], de la Creuse, de l'Indre, d'Indre-et-Loire, de [...] et du Puy-de-Dôme, en régions Auvergne-Rhône-Alpes, Centre-Val de Loire et Nouvelle-Aquitaine.
Cher
71%
Elle prend sa source dans l'Argonne à Sommaisne, à 250 m d'altitude, près de la limite entre les départements de la Meuse et de la Marne, et se jette dans l'Oise entre Clairoix et Compiègne, dans le département de l'Oise, après un parcours de 355,9 kilomètres. Elle est donc plus longue de 15 kilomètres environ que l'Oise. Aisne
66%
La [...] prend sa source sur le plateau de Millevaches, dans le parc naturel régional de Millevaches en Limousin, à plus de 910 mètres d'altitude, au sud de la commune de Pérols-sur-Vézère, dans la partie nord de la forêt domaniale de Larfeuil.
Elle arrose successivement [...] puis la préfecture du département, Tulle. Elle pénètre ensuite dans la plaine du bassin de Brive et arrose les villes de Malemort-sur-[...] et Brive-la-Gaillarde.
Corrèze
63%
Aucun quiz correspondant
Distribution des résultats
% des personnes avec chaque résultat
Percentile par nombre de réponses
Votre historique - résultats
Vous n’avez pas pris ce quiz